Datum a čas kvízu

25 Celkem bodů Celkový počet nahraných bodů na tomto kvízu bez doplňovacích otázek.
7. Pořadí na kvízu Konečné umístění týmu na tomto kvízu.

Zaznamenané odpovědi

# Otázka Odpověď Body Výsledky
1. Ministr práce a sociálních věc... o 1 600 Kč 0
2. Německý prezident Frank-Walter... v Kataru 1
3. Česká televize prozradila jmén... Marek Eben 1
4. Ve středu pravomocně zrušil Mě... proti dopravním přestupkům 0
5. Celkem kolik bodů si připsaly... 9 bodů 0
6. Když české divadlo, tak hned n... 1881, 1883 0.5
7. V roce 1786 vzniklo kvůli zájm... Bouda 1
8. V 50. letech minulého století... František Filipovský, Harpagon 0.5
9. V této otázce po vás budeme ch... 1B 2C 3A 4D 0
10. Činoherní klub v Praze je z hl... Ondřej Sokol 1